Famous Spinosaurids in Media - Statistics

General Stats
  • This quiz has been taken 11 times
  • The average score is 7 of 13
Answer Stats
Hint Answer Media Year % Correct
A massive spinosaurus that crawls on all fours most of the time and can rival Rexes. Spino ARK: Survival Evolved 2015
100%
A huge spinosaurus that was in the episode "Biggest Killer Dino" Spinosaurus Monsters Resurrected 2009
89%
A spinosaurus that killed a T-Rex and lived on Isla sorna before being relocated to Mantah Corp Island. Asset-87 Jurassic Park III 2001
56%
A member of the baryonyx trio, has a blue coloration. Chaos Jurassic World: Camp Cretaceous 2021
56%
A member of the baryonyx trio, has a green coloration. Grim Jurassic World: Camp Cretaceous 2021
56%
A member of the baryonyx trio, has a yellow coloration. Limbo Jurassic World: Camp Cretaceous 2021
56%
A colossal albino Baryonyx that even the strongest fears in their world. Rudy Ice Age: Dawn of the Dinosaurs 2009
56%
A hybrid of spinosaurus and utah raptor that is super-rare in its game Spinoraptor Jurassic World: The Game 2015
56%
A second version of the spinosaurus from the game it's in. Spinosaurus Gen 2 Jurassic World: The Game 2021
44%
A water-type spinosaurus that can use water to defeat enemies. Spiny Dinosaur King 2007
44%
An albino and blind baryonyx that responds to clicking noises. Leucistic Baryonyx Jurassic World: Chaos Theory 2024
33%
A spinosaurus with a massive amount of spines that kills a T-Rex. Spike Jurassic: The Hunted 2009
33%
A hybrid of spinosaurus and parasaurolophus that is bioluminescent. Chromaspinus Jurassic World: The Game 2021
22%
No matching quizzes found
Score Distribution
Percent of People with Each Score
Percentile by Number Answered
Your Score History
You have not taken this quiz